| 000 | 00619nam a22002177a 4500 | ||
|---|---|---|---|
| 008 | 131029b xxu||||| |||| 00| 0 eng d | ||
| 020 | _a9951021077 | ||
| 080 |
_a30:321.7 _x(075.3) |
||
| 100 | 1 | _aMjeldheim, Leiv | |
| 245 |
_aSpektri / _cLeiv Mjeldheim, perktheu [ Pulaha, Ermir ] |
||
| 260 |
_aPrishtinë : _bRozafa ; _c2006. |
||
| 300 |
_a208 f. : _bme il. ; _c24 cm. |
||
| 500 | _aParathënie : f. 1 | ||
| 650 | _aShkencat shoqërore | ||
| 650 | _aDemokracia | ||
| 700 | _aMjeldheim, Leiv | ||
| 700 | _aLillejord, Sølvi | ||
| 700 | _aSølvberg, Erik | ||
| 700 | _apërktheu Pulaha, Ermir | ||
| 942 |
_2udc _cBK |
||
| 999 |
_c201 _d201 |
||